000 00942nam0a22002771 4500
001 rc\2944989
005 20250806202644.0
035 _a(NLR Aleph) 007206018
090 _a55587
_c55587
100 _a20040929d1943 u y0rusy50 ca
101 0 _arus
102 _aRU
105 _aa z ||||y
200 1 _aПамятка для бригадира-ремонтировщика банкаброшных машин
210 _a[Москва]
_cГизлегпром
_d1943
215 _a68 с. Без тит. л.
_cил., черт.
_d14 см
225 1 _aБиблиотечка текстильщика
700 1 _aПарамонов
_bС.А.
_f1891-1956
_gСергей Александрович
801 0 _aRU
_bNLR
_gpsbo
801 1 _aRU
_bELAR
_2rusmarc
852 _aNLR
_jТ56 Г-2/25
942 _cBOOK
945 _aРоссийская национальная библиотека
980 _aNB
980 _aBV